01018nam a2200229 a 450000100100000000500170001000800410002702000180006804000250008608200140011110000220012524500790014726000530022630000210027950000630030059000270036370000330039095201180042395201120054195201180065399900170077100004890620201002061512.0190314s2016 dr 000 0 spa d a9789945086386 aDO-SdBNPbspacBNPHU axxxbA1161 aAbad, Juan97634413aEl silencio de Dios no es ausencia /cJuan Abad ; prólogo Lenny Salcedo. aSanto Domingo, :bDiez veces más group,c2016. a149 p. ;c21 cm. aIncluye datos biografícos del autor en la contraportada. aInventariado, 2019/ YL12aSalcedo, Lennyeprol.976345 0010718DSaGRbGRcCTd2019-05-01iLF1l0oxxx A116p48906-30r2020-06-25te. 3w2020-06-25yLFDSZNo se presta 0010718PDaPDbPDcCTd2019-05-01iLF1l0oxxx A116p48906-10r2020-06-25w2020-06-25yLFPDZNo se presta 0010718PDaPDbPDcCTd2019-05-01iLF1l0oxxx A116p48906-20r2020-06-25te. 2w2020-06-25yLFPDZNo se presta c48394d48394